[Event "South America-ch U12 12th"]
[Site "Santa Cruz"]
[Date "2015.12.05"]
[Round "6"]
[White "Yanez, Isacc"]
[Black "Lozano, Fernando"]
[Result "0-1"]
[WhiteElo "1711"]
[BlackElo "1556"]
[PlyCount "51"]
[EventDate "2015.12.02"]
[EventType "swiss"]
[EventRounds "9"]
[EventCountry "BOL"]
[SourceTitle "CBM 170 Extra"]
[Source "ChessBase"]
[SourceDate "2016.02.25"]
[SourceVersion "1"]
[SourceVersionDate "2016.02.25"]
[SourceQuality "1"]

1. e4 c5 2. Nf3 g6 3. d4 cxd4 4. Nxd4 Bg7 5. Nc3 Nc6 6. Be3 Nf6 7. f3 0-0 8. Qd2 d6 9. 0-0-0 Bd7 10. g4 a5 11. h4 Re8 12. Bh6 Nxd4 13. Bxg7 Nxf3 14. Qf4 Kxg7 15. Qxf3 Bxg4 16. Qd3 Bxd1 17. Qxd1 Qb6 18. Bd3 h5 19. Kb1 Rec8 20. Rf1 Rxc3 21. Qe2 Rac8 22. e5 dxe5 23. Qxe5 R3c7 24. a3 Qc5 25. Qg3 Qd6 26. Qg5 0-1